000 00582nam a2200229Ia 4500
003 OSt
005 20221007074224.0
006 a|||||r|||| 00| 0
007 ta
008 221006b |||||||| |||| 00| 0 eng d
024 _a12,991
037 _cTextual
040 _aFLL
_cFLL
_beng
041 _2eng
_aeng
082 _aV58:5, N0
100 _aZivs Samuil Au.
_9692742
245 0 _aHuman rights
260 _aMoscow
_bProgress pub. U.S.S.R.
_c1990
300 _a188p
_ccm.
942 _hV58:5, N0
_cTEXL
_2CC
999 _c1151590
_d1151590